Derecho del consumo y protección al consumidor: estudios sobre la ley N§19.496 y las principales tendencias extranjeras

Uloženo v:
Podrobná bibliografie
Hlavní autor: Corral Talciani, Hernán Felipe (Autor)
Médium: Kniha
Jazyk:španělština
Vydáno: Santiago Universidad de los Andes 1999
Edice:Cuadernos de Extensión Jurídica, 3
Témata:
Tagy: Přidat tag
Žádné tagy, Buďte první, kdo vytvoří štítek k tomuto záznamu!

MARC

LEADER 00000nam a2200000 a 4500
001 UCM8934
003 CL-VaPUC
008 030404e19990000CL |||||||||||||||||spa|d
082 0 4 |a 343.071  |b COR  |2 21 
100 0 |a Corral Talciani, Hernán Felipe  |e author  |9 475242 
245 1 0 |a Derecho del consumo y protección al consumidor: estudios sobre la ley N§19.496 y las principales tendencias extranjeras 
300 |a 335 p 
942 |c BK 
945 |d 20030404 00:00:00  |a cmena 
260 |a Santiago  |b Universidad de los Andes  |c 1999 
650 0 |a Derechos del consumidor  |9 367388 
650 0 |a Protección al consumidor  |9 255293 
650 0 |a Derecho comparado  |9 255664 
650 0 |a Derecho comercial   |9 256340 
650 7 |a RESPONSABILIDAD CIVIL  |2 CL-VaPUC  |9 475243 
650 0 |a Responsabilidad extracontractual  |9 336742 
583 |a last modification  |c 20161128 12:14:31  |k Rodrigo Vera 
490 0 |a Cuadernos de Extensión Jurídica, 3 
999 |c 303346  |d 303344 
952 |0 0  |1 0  |4 0  |6 343_071000000000000_COR_1999  |7 0  |8 A  |9 364583  |a BIBDER  |b BIBDER  |d 2019-11-21  |i 3891488  |l 3  |m 4  |o 343.071 COR 1999  |p 3891488  |q 2025-05-30  |r 2025-01-30  |s 2025-01-30  |w 2019-11-21  |y BK  |k DER